| 000 | 02833cam a22003375i 4500 | ||
|---|---|---|---|
| 001 | 18227170 | ||
| 003 | EG-ScBUE | ||
| 005 | 20260308091521.0 | ||
| 008 | 140715t2014 caua frb 001 0 eng d | ||
| 020 | _a9780124114845 (hbk.) | ||
| 040 |
_aEG-ScBUE _beng _erda _cEG-ScBUE _dEG-ScBUE |
||
| 082 | 0 | 4 |
_a570.282 _bWAY _222 |
| 100 | 1 |
_aWayne, Randy, _939596 _eauthor. |
|
| 245 | 1 | 0 |
_aLight and video microscopy / _cRandy Wayne. |
| 250 | _aSecond edition. | ||
| 264 | 1 |
_aSan Diego, CA : _bElsevier, _c[2014] |
|
| 264 | 4 | _cc2014 | |
| 300 |
_axiv, 350 pages : _billustrations ; _c29 cm |
||
| 336 |
_2rdacontent _atext _btxt |
||
| 337 |
_aunmediated _2rdamedia _bn |
||
| 338 |
_avolume _bnc _2rdacarrier |
||
| 500 | _aIncludes Appendices. | ||
| 504 | _aIncludes bibliographical references and index. | ||
| 505 | 0 | _a1. The relation between the object and the image -- 2. The geometric relationship between object and image -- 3. The dependence of image formation on the nature of light -- 4. Bright field microscopy -- 5. Photomicrography -- 6. Methods of generating contrast -- 7. Polarization microscopy -- 8. Interference microscopy -- 9. Differential interference contrast (DIC) microscopy -- 10. Amplitude modulation contrast microscopy -- 11. Fluorescence microscopy -- 12. Various types of microscopes and accessories -- 13. Video and digital microscopy -- 14. Image processing and analysis -- 15. Laboratory exercises. | |
| 520 | _aThe purpose of this book is to provide the most comprehensive, easy-to-use, and informative guide on light microscopy. Light and Video Microscopy will prepare the reader for the accurate interpretation of an image and understanding of the living cell. With the presentation of geometrical optics, it will assist the reader in understanding image formation and light movement within the microscope. It also provides an explanation of the basic modes of light microscopy and the components of modern electronic imaging systems and guides the reader in determining the physicochemical information of living and developing cells, which influence interpretation. Brings together mathematics, physics, and biology to provide a broad and deep understanding of the light microscope. Clearly develops all ideas from historical and logical foundations. Laboratory exercises included to assist the reader with practical applications. Microscope discussions include: bright field microscope, dark field microscope, oblique illumination, phase-contrast microscope, photomicrography, fluorescence microscope, polarization microscope, interference microscope, differential interference microscope, and modulation contrast microscope. -- | ||
| 650 | 7 |
_aMicroscopy. _2BUEsh _97470 |
|
| 650 | 7 |
_aVideo microscopy. _2BUEsh _939598 |
|
| 653 |
_bENGELC _cMarch2016 |
||
| 655 | _vReading book | ||
| 942 |
_2ddc _cBB |
||
| 999 |
_c21450 _d21422 |
||